000 00638nam a22002417a 4500
003 UA-OsUOA
001 21133
007 ta
008 20031119b un ||||| |||| 00| 0 ukr d
100 _aЧуйков В.І.
090 _a94(4)"1939/1945"
_bЧ-87
942 _cBK
040 _aUA-OsUOA
_bukr
_cUA-OsUOA
_dUA-OsUOA
245 _aВід Сталінграда до Берліна
300 _a702 с.
_bІлюстрації
955 _a0
041 _aukr
080 _a94(4)"1939/1945"
260 _aКиїв
_bПолітвидав Україна
_c1982
044 _aUA
650 7 _2UDC
999 _c307326
_d307326